1388 1237 1431 1440 1836 1716 1725 1646 1497 1711 1212 1694 1921 1744 1954 1732 1337 1335 1788 1514 1789 1245 1943 1427 1109 1727 1533 1915 1823 1292 1336 1118 1993 1442 1229 1404 1186 1531 1540 1568 1095 1971 1715 1082 1544 1315 1398 1553 1888 1170 1952 1134 1223 1266 1623 1413 1129 1347 1269 1382 1804 1693 1131 1592 1241 1136 1337 1331 1937 1324 1432 1277 1120 1405 1054 1202 1485 1059 1141 1635 1414 1576 1041 1311 1505 1537 1372 1499 1439 1884 1692 1352 1981 1792 1063 1504 1198 1227 1987 BCNSPRNW ULIB Ver.6.0+V

เปลี่ยนเป็นภาษาไทย

Change to English
 แสดงรายละเอียดบรรณานุกรม
  กลับหน้าหลัก

Brief Record : Get Marc (ISO 2709) : E-mail record : QR code < ปิดหน้าต่าง
LEADER : 00000nam 2200000uu 4500
001    13399120502
003     ULIB
008    020711s2547 th a 000 0 tha d
020    9789748317946
050    WB320 ม175ก
100    มนูญ บัญชรเทวกุล
245    การฟื้นฟูอาการอัมพาตหรืออัมพฤกษ์ครึ่งซีก/^cมนูญ บัญชรเทวกุล
250    พิมพ์ครั้งที่ 3
260     ^bม.ป.ท.,^c2547
300    104 หน้า
650    อัมพาตครึ่งซีก
945    ^p0^l0^i13924
999    ^aทศพร เกษรทอง
รายการนี้ยังไม่มีแท็ก
คุณยังไม่ได้ล็อกอิน คุณสามารถมีกิจกรรมร่วมกับเว็บไซต์ได้ แต่ต้องล็อกอินก่อน ::
  ล็อกอิน

รายการสื่อสารสนเทศ

ลำดับที่ ประเภท เลขเรียก/บาร์โค้ด สถานที่ สถานะ
1. วิทยาศาสตร์การแพทย์ และสุขภาพ
วิทยาศาสตร์การแพทย์ และสุขภาพ
WB320 ม175ก  
  Barcode: 13924
ห้องสมุดวิทยาเขตสวรรค์ประชารักษ์
►หนังสือทั่วไป
บนชั้น

รายการใกล้เคียง
    ผู้แต่ง [มนูญ บัญชรเทวกุล]

    หัวเรื่อง [อัมพาตครึ่งซีก]

BibComment


ยังไม่เคยถูกคอมเมนท์

คอมเมนท์ทรัพยากรรายการนี้
  คอมเมนท์: การฟื้นฟูอาการอัม..


 Copyright 2026. Bcnsprnw @Library